000 00930nmm a2200277 a 4500
001 ocm000940627
003 TR-IsHL
005 20201028150025.0
008 150129s2013 tu tur
007 cr cn
020 _a9786055331924
035 _a940627
_b(N$T)
050 0 4 _aDT97
_b.G85 2013
090 0 4 _aDT97
_b.G85 2013
100 1 _aGüler, Mustafa
245 1 0 _aCezzar Ahmed Paşa ve Akka savunması
_h[electronic resource] /
_cMustafa Güler
260 _aİstanbul :
_bÇamlıca Basım Yayın,
_c2013
300 _a297 p.
650 4 _aTarih
650 4 _aHistory
650 0 _aCezzar Ahmed Paşa, Biyografi
650 0 _aMısır
_x Siyaset ve yönetim
_x 640-1882
650 0 _aEgypt
_x Politics and government
_x 640-1882
650 7 _aHISTORY / Middle East / Turkey & Ottoman Empire
_2bisacsh
856 4 0 _uhttp://search.ebscohost.com/login.aspx?direct=true&scope=site&db=e011xww&AN=940627
999 _c10254
_d10254